Nhà nuôi trẻ có cha mẹ li dị nhau /

Tallennettuna:
Bibliografiset tiedot
Päätekijä: Martin, Sofia.
Aineistotyyppi: Artikkeli
Kieli:Vietnamese
Tagit: Lisää tagi
Ei tageja, Lisää ensimmäinen tagi!
Thư viện lưu trữ: Thư viện Trường Đại học Đà Lạt
LEADER 00646nam a2200229 4500
001 DLU090099559
005 ##20091202
040 # # |a DLU  |b vie 
041 # # |a vie 
044 # # |a vn 
100 # # |a Martin, Sofia. 
245 # # |a Nhà nuôi trẻ có cha mẹ li dị nhau /  |c Sofia Martin. 
773 # # |t Nghiên cứu gia đình và giới  |g Số 3(17), 1994, tr. 33-35 
920 # # |a Phòng Tạp chí -- Trung tâm Thông tin - Thư viện Trường Đại học Đà Lạt 
994 # # |a DLU 
900 # # |a True 
911 # # |a Đào Thị Thu Huyền 
925 # # |a G 
926 # # |a A 
927 # # |a BB 
980 # # |a Thư viện Trường Đại học Đà Lạt